Normal view
MARC view
- JOMOL T. JOSEPH
Entry Personal Name
001 - CONTROL NUMBER
- control field: 3527
003 - CONTROL NUMBER IDENTIFIER
- control field: OSt
005 - DATE AND TIME OF LATEST TRANSACTION
- control field: 20181001154414.0
008 - FIXED-LENGTH DATA ELEMENTS
- fixed length control field: 181001|| aca||aabn | a|a d
040 ## - CATALOGING SOURCE
- Original cataloging agency: OSt
- Transcribing agency: OSt
100 ## - HEADING--PERSONAL NAME
- Personal name: JOMOL T. JOSEPH
670 ## - SOURCE DATA FOUND
- Source citation: Work cat.: (OSt)15120: JOMOL T. JOSEPH, Design and evaluation of a horizontal filter unit for ground water recharge through abandoned tube well
